| 000 | 00555nam a22001697a 4500 | ||
|---|---|---|---|
| 010 | _aENG-120301 | ||
| 020 |
_a9788178331669 _c1875.00 |
||
| 035 | _aEN-103833 | ||
| 037 | _bDBAD/PUB | ||
| 082 | _a331.259209941 | ||
| 100 | _aPanda, Himadari | ||
| 245 |
_aThe complete technology book on asbestos, cement, ceramics and limestone / _cby Panda Himadari |
||
| 260 |
_aDelhi _bAsia Pasific Business Press _c2016 |
||
| 270 |
_a106-E, Kamla Nagar, _bDelhi _e110007 |
||
| 300 |
_a578p. _c22cm(pbk). |
||
| 942 |
_2ddc _cEN _h331.259209941 _mPAN |
||
| 999 |
_c144039 _d144039 |
||